000 00995nam a22003257a 4500
001 000044988
003 CHAP
005 20220817042419.0
008 971013s1984 r 00010 d
010 _a43929
011 _a44901
035 _a49040
040 _cCHAP
090 _aFolleto 3235 (1984)
110 _aFAO
245 1 0 _aNombres de países y de sus capitales respectivamente, adjetivos de nacionaledad y unidades monetarias.
260 _aRoma :
_bFAO,
_c1984.
300 _a62 p.
490 0 _aBoletín de terminología
_v; 20/rev.7
590 _aBATCH-UPD
_b10
_c20130110
_lUCH01
_h1146
590 _aBATCH-UPD
_b10
_c20130410
_lUCH01
_h0731
590 _aBATCH-UPD
_b10
_c20130914
_lUCH01
_h0652
590 _aCONVERSION
_b10
_c20130109
_lUCH01
_h1324
590 _aE11695DGD
_b10
_c20150605
_lUCH01
_h1048
650 1 4 _aNombres geográficos
_xDiccionarios.
_981632
830 0 _aBoletín de terminología
_v; 20/rev.7
_913539
901 _aBK
942 _cFOLL
942 _n0
999 _c43929
_d43929